000 00352pab a2200145 454500
008 180718b1990 xxu||||| |||| 00| 0 eng d
100 _aTurner, Jonathan H.
245 _aEmile Durkheim's theory of social organisation
260 _c1990
300 _a1089-1103
362 _aJune
650 _aSociology
773 _aSocial Forces
909 _a18874
999 _c18874
_d18874